Zákon o spotrebiteľských úveroch po novele

Spotrebiteľský úver - cieľ novely zákona č. 35/2015 Z.z. Zmeny v zákone o spotrebiteľských úveroch.

Saved in:
Bibliographic Details
Main Author: Matulková, Mariana
Format: Book Chapter
Language:Slovak
Subjects:
Tags: Add Tag
No Tags, Be the first to tag this record!

MARC

LEADER 00000naa a2200000 4500
001 0200735
005 20231120104419.9
041 0 |a slo 
044 |a SK 
245 1 0 |a Zákon o spotrebiteľských úveroch po novele  |c Mariana Matulková 
520 |a Spotrebiteľský úver - cieľ novely zákona č. 35/2015 Z.z. Zmeny v zákone o spotrebiteľských úveroch. 
610 2 0 |a úver spotrebiteľský 
610 2 0 |a veritelia 
610 2 0 |a prostredie podnikateľské 
610 2 0 |a dohľad bankový 
610 2 0 |a úpravy právne 
100 1 |a Matulková, Mariana